LEADER 01177cam2 22003131 450 001 SOBE00085287 005 20260112100405.0 100 $a20260112d1962 |||||ita|0103 ba 101 $aita 102 $aIT 200 1 $a<<6: L'>>arte nel Rinascimento 210 $aMilano$cTouring Club Italiano$d1962 215 $a208 p., [80] carte di tav.$cill.$d28 cm 300 $atesti di Diego Valeri, Enzo Carli, Luigi Ambrosoli 461 1$1001E600200054064$12001 $aConosci l'Italia / Cesare Chiodi 500 11$a<>arte nel Rinascimento$3SOBA00036538$9936377 702 1$aValeri, Diego$3AF00006311$4070 702 1$aCarli, Enzo <1910-1999>$3SOBA00034139$4070 702 1$aAmbrosoli, Luigi <1919-2002>$3SOBA00036539$4070 712 02$a*Touring *club *italiano$3A600200039603$4070 801 0$aIT$bUNISOB$c20260112$gRICA 850 $aUNISOB 852 $aUNISOB$jFondo|Calì$m184599 912 $aSOBE00085287 940 $aM 102 Monografia moderna SBN 941 $aM 957 $aFondo|Calì$b002079$gSI$d184599$n20260626$hCali$rDono$tN$1rovito$2UNISOB$3UNISOB$420260112100042.0$520260112100120.0$6rovito 996 $aArte nel Rinascimento$9936377 997 $aUNISOB